00193nam a2200073Ia 4500008004100000245004100041260002800082260000900110170620s9999 xx 000 0 und d 0aProblems of Educational Backwardness bNew Delhi- Sarup & sons c2003